General Knowledge MCQ #10. - Statistics

General Stats
  • This quiz has been taken 32 times
  • The average score is 6 of 14
Answer Stats
Question Answer % Correct
Which one of those Fab Four of The Beatles was murdered in 1980. B. John Lennon
74%
The Balearic Sea also known as Iberian Sea, borders this country Spain
74%
Which one of these was not a principal member of the Beatles? C. Stuart Sutcliffe
67%
Napoleon the Great spent his rest of his life after Battle of Waterloo in this island B. Saint Helena
52%
In 1854, Great Britain and which country declare war on Russia, expanding the Crimea War France
52%
What is the English term for one who makes or sells women's hats B. Milliner
48%
In which country did the Borstal system originate? United Kingdom
48%
Asian Financial Crisis wreaking havoc on the economy and having spillover effects globally started in Thailand
41%
South Sandwich Trench with depth of 8265m is situated in this ocean A. Atlantic
30%
The capital city of this country is the one and only not to have traffic light A. Bhutan
30%
Masaki Kashiwara awarded the 2025 Abel Prize - the field's equivalent to the Nobel Prize in Mathematics
30%
This monetary principle states that bad money drives out good money. Gresham
22%
Scientists of this country have identified plastic eating fungi offering a glimmer in tackling plastic pollution Germany
19%
The term " Small Yard, high Fence," recently seen in the news associated with US Economic policy against China
19%
No matching quizzes found
Score Distribution
Percent of People with Each Score
Percentile by Number Answered
Your Score History
You have not taken this quiz